| 000 | 01404nam a2200349 c 4500 | ||
|---|---|---|---|
| 003 | BLK | ||
| 005 | 20250729181627.0 | ||
| 008 | 180410b bul|||||r ||||||| ||bul|| | ||
| 020 | _a3800083813262 | ||
| 040 | _aBLK | ||
| 041 |
_aBUL _cBUL |
||
| 080 |
_aАнглийска литература _b821.111 _x-93-34 _z821.111-93-34 |
||
| 100 | 1 |
_aБатърфийлд, Мойра _eпърви автор _937084 |
|
| 139 |
_aБатърфийлд, Мойра и др. _bБ 28 |
||
| 245 | 1 | 0 |
_aПожелай си нещо! _bСъс светкащи свещички + муз. поздрав за рожден ден _cМойра Батърфийлд; съавт. Алисън Еджсън. |
| 257 | _aGBR | ||
| 260 |
_bФют _c2013 _fотпеч. в Китай _aСофия |
||
| 300 |
_a17 с. _bс цв. ил. _c25Х24 см |
||
| 380 | _aDX | ||
| 500 | _aКор. опис. - Ориг. загл. Make a Wish. - Кн. е отпеч. на ламиниран картон. | ||
| 653 | _aприказки | ||
| 653 | _aлитература за деца | ||
| 653 | _aдетска литература | ||
| 659 | _aН | ||
| 700 | 1 |
_aЕджсън, Алисън _eсъавт. _966719 |
|
| 856 | 4 | _qpdf | |
| 856 | 4 | _qpdf | |
| 942 |
_cKNG _n0 _019 |
||
| 944 |
_aCR _c27.11.2014 _lАнна Гръцманова _k30564 |
||
| 944 |
_aED _c15.01.2015 _lф / _kЛюдмила_Стоянова |
||
| 999 |
_c160585 _d160585 |
||
| 999 | _d160585 | ||